000 00823cab a2200241 4500
001 WB2725-20
008 090401t1991 xxu||||| |||| 00| 0 eng d
035 _a(Sirsi) u20990
041 _aeng
245 _aNumber of homeless doubles in decade
260 _c1991
350 _a0
490 _aTimes
_v21/6/91 p7
520 _aDiscusses two recent reports highlighting the plight of the homeless : HC Public Accounts Committee "Homelessness" (HMSO £10.85) and Surrey University Housing Research Unit "Faces of Homelessness" (HRU, Psychology Department, Surrey University, Guildford GU2 5XH).
650 _aBED AND BREAKFAST ACCOMMODATION
650 _aHOUSING POLICY
650 _aROBERT SHELDON
650 _aSHELTER
650 _aSOCIAL HOUSING
690 _aHOUSING
942 _n0
948 _c04/03/1997
999 _c14081
_d14081